|
|
|
|
| LEADER |
00000nam1a2200000 4500 |
| 001 |
154766 |
| 005 |
20260410151223.0 |
| 035 |
|
|
|a (RuTPU)RU\TPU\book\167865
|
| 090 |
|
|
|a 154766
|
| 100 |
|
|
|a 20090304d2008 m y0rusy50 ca
|
| 101 |
0 |
|
|a rus
|
| 102 |
|
|
|a RU
|
| 200 |
1 |
|
|a Хранилища данных
|e цикл лабораторных работ
|e методические указания
|f А. В. Кудинов
|g Томский политехнический университет (ТПУ)
|
| 210 |
|
|
|a Томск
|c Изд-во ТПУ
|d 2008
|
| 452 |
|
1 |
|0 (RuTPU)RU\TPU\book\204036
|t Хранилища данных
|o цикл лабораторных работ
|o методические указания к выполнению лабораторных работ
|f А. В. Кудинов
|g Томский политехнический университет (ТПУ)
|c Томск
|n Изд-во ТПУ
|d 2008
|a Кудинов, Антон Викторович
|
| 700 |
|
1 |
|a Кудинов
|b А. В.
|c специалист в области автоматического управления
|c доцент Томского политехнического университета, кандидат технических наук
|f 1975-
|g Антон Викторович
|9 11475
|
| 712 |
0 |
2 |
|a Томский политехнический университет (ТПУ)
|c (1991- )
|3 (RuTPU)RU\TPU\col\376
|
| 801 |
|
1 |
|a RU
|b 63413507
|c 20090304
|g PSBO
|
| 801 |
|
2 |
|a RU
|b 63413507
|c 20101128
|g RCR
|
| 942 |
|
|
|c BK
|